|
|
|
|
| LEADER |
00000cam a2200000 7i4500 |
| 001 |
0000013010 |
| 005 |
20140106.0 |
| 008 |
080107 |
| 020 |
|
|
|a 9839045369
|
| 090 |
0 |
0 |
|a 129.7382
|b IFF
|
| 100 |
0 |
|
|a Iffa Karimah
|
| 245 |
1 |
0 |
|a Amalan kemurahan rezeki :
|b khasiat doa Nurunnubuwwah manfaat kalimah Laailaahaillallah
|c Iffa Karimah
|
| 260 |
|
|
|a Kuala Lumpur :
|b Jasmin Enterprise ,
|c 2005
|
| 650 |
|
0 |
|a Islam
|x Customs and practices
|
| 650 |
|
0 |
|a Islam
|x Prayers and devotions
|
| 710 |
0 |
|
|a Title
|
| 999 |
|
|
|a 0001005310
|b Book
|c Adult Collection
|e Perbadanan Perpustakaan Awam Johor
|
| 999 |
|
|
|a 0001005311
|b Book
|c Adult Collection
|e Perbadanan Perpustakaan Awam Johor
|